[Event "World Chess Olympiad 2018"]
[Site "Batumi"]
[Date "2018.10.02"]
[Round "8"]
[Board "2"]
[WhiteFideId "13611216"]
[White "Petriashvili Nikoloz"]
[BlackFideId "7101554"]
[Black "Cuhendi Sean Winshand"]
[Result "1-0"]
[LiveChessVersion "1.4.8"]
[BlackElo "2441"]
[WhiteElo "2343"]

1. c4 {[%clk 1:30:50]} b6 {[%clk 1:28:52]} 2. Nc3 {[%clk 1:30:02]} Bb7
{[%clk 1:28:54]} 3. d4 {[%clk 1:30:27]} e6 {[%clk 1:29:11]} 4. Nf3
{[%clk 1:28:42]} Nf6 {[%clk 1:24:34]} 5. Bg5 {[%clk 1:26:44]} h6 {[%clk 1:21:21]}
6. Bh4 {[%clk 1:25:03]} g5 {[%clk 1:13:34]} 7. Bg3 {[%clk 1:25:23]} d6
{[%clk 1:09:56]} 8. d5 {[%clk 1:18:40]} e5 {[%clk 1:06:38]} 9. e4
{[%clk 1:18:53]} Nbd7 {[%clk 1:02:40]} 10. Nd2 {[%clk 1:18:17]} Rg8
{[%clk 0:56:35]} 11. Be2 {[%clk 1:16:17]} a5 {[%clk 0:51:48]} 12. f3
{[%clk 1:04:33]} Nc5 {[%clk 0:40:45]} 13. Bf2 {[%clk 1:04:28]} Qd7
{[%clk 0:39:47]} 14. Qc2 {[%clk 1:03:19]} h5 {[%clk 0:33:38]} 15. O-O-O
{[%clk 1:03:10]} Bh6 {[%clk 0:32:59]} 16. Kb1 {[%clk 1:02:33]} g4
{[%clk 0:30:48]} 17. Nf1 {[%clk 0:59:54]} gxf3 {[%clk 0:28:18]} 18. Bxf3
{[%clk 0:59:42]} Ba6 {[%clk 0:26:47]} 19. Qe2 {[%clk 0:49:08]} a4
{[%clk 0:21:05]} 20. Ng3 {[%clk 0:48:15]} a3 {[%clk 0:13:26]} 21. Nf5
{[%clk 0:46:08]} Rg6 {[%clk 0:11:42]} 22. b3 {[%clk 0:44:18]} O-O-O
{[%clk 0:09:20]} 23. Bxc5 {[%clk 0:33:43]} bxc5 {[%clk 0:07:54]} 24. Bxh5
{[%clk 0:33:54]} Rg5 {[%clk 0:07:09]} 25. Bxf7 {[%clk 0:28:22]} Qxf7
{[%clk 0:05:32]} 26. Nxh6 {[%clk 0:28:47]} Qh7 {[%clk 0:04:28]} 27. Nf5
{[%clk 0:29:06]} Rdg8 {[%clk 0:04:55]} 28. Ng3 {[%clk 0:23:18]} c6
{[%clk 0:04:25]} 29. dxc6 {[%clk 0:21:03]} d5 {[%clk 0:04:52]} 30. Qf2
{[%clk 0:18:05]} Nxe4 {[%clk 0:02:11]} 31. Ncxe4 {[%clk 0:18:23]} Rxg3
{[%clk 0:02:24]} 32. hxg3 {[%clk 0:18:30]} Qxe4+ {[%clk 0:02:50]} 33. Qc2
{[%clk 0:18:52]} Qxc2+ {[%clk 0:02:11]} 34. Kxc2 {[%clk 0:19:21]} d4
{[%clk 0:02:30]} 35. Rde1 {[%clk 0:19:04]} Rg5 {[%clk 0:01:57]} 36. Rh7
{[%clk 0:19:16]} Kb8 {[%clk 0:02:05]} 37. Rf1 {[%clk 0:18:47]} Rg8
{[%clk 0:02:27]} 38. Re7 {[%clk 0:19:02]} Bc8 {[%clk 0:02:56]} 39. Rxe5
{[%clk 0:19:05]} Rxg3 {[%clk 0:02:51]} 40. Rxc5 {[%clk 0:49:14]} Kc7
{[%clk 0:32:48]} 41. Rf2 {[%clk 0:48:09]} Be6 {[%clk 0:32:48]} 42. Re5
{[%clk 0:46:41]} Bg8 {[%clk 0:33:15]} 43. Re7+ {[%clk 0:46:55]} Kd6
{[%clk 0:24:37]} 44. c7 {[%clk 0:47:07]} 1-0

[Event "World Chess Olympiad 2018"]
[Site "Batumi"]
[Date "2018.10.02"]
[Round "8"]
[Board "3"]
[WhiteFideId "7101589"]
[White "Setyaki Azarya Jodi"]
[BlackFideId "13611860"]
[Black "Kacharava Nikolozi"]
[Result "1-0"]
[LiveChessVersion "1.4.8"]
[BlackElo "2373"]
[WhiteElo "2316"]

1. e4 {[%clk 1:30:58]} e5 {[%clk 1:30:43]} 2. Nf3 {[%clk 1:31:21]} Nf6
{[%clk 1:31:03]} 3. Nxe5 {[%clk 1:31:26]} d6 {[%clk 1:31:17]} 4. Nf3
{[%clk 1:31:43]} Nxe4 {[%clk 1:31:34]} 5. Nc3 {[%clk 1:32:00]} Nxc3
{[%clk 1:31:46]} 6. dxc3 {[%clk 1:32:14]} Be7 {[%clk 1:31:57]} 7. Be3
{[%clk 1:32:28]} Nc6 {[%clk 1:31:53]} 8. Qd2 {[%clk 1:30:59]} Be6
{[%clk 1:31:49]} 9. Be2 {[%clk 1:28:56]} Bf6 {[%clk 1:28:35]} 10. Ng5
{[%clk 1:20:06]} Bxg5 {[%clk 1:24:17]} 11. Bxg5 {[%clk 1:20:29]} f6
{[%clk 1:23:57]} 12. Be3 {[%clk 1:13:11]} Qd7 {[%clk 1:20:37]} 13. h3
{[%clk 1:08:36]} Qf7 {[%clk 1:14:23]} 14. b3 {[%clk 1:03:50]} O-O
{[%clk 1:06:30]} 15. O-O-O {[%clk 1:00:44]} a5 {[%clk 0:58:10]} 16. a4
{[%clk 0:59:09]} Ne7 {[%clk 0:56:01]} 17. Bf3 {[%clk 0:54:51]} Rab8
{[%clk 0:49:44]} 18. c4 {[%clk 0:50:14]} b6 {[%clk 0:48:23]} 19. Rhe1
{[%clk 0:48:58]} Rfe8 {[%clk 0:37:05]} 20. Re2 {[%clk 0:35:44]} Bc8
{[%clk 0:31:51]} 21. Rde1 {[%clk 0:33:18]} Bb7 {[%clk 0:30:00]} 22. Bxb7
{[%clk 0:29:30]} Rxb7 {[%clk 0:28:03]} 23. c5 {[%clk 0:28:48]} bxc5
{[%clk 0:23:08]} 24. Bxc5 {[%clk 0:28:53]} Rbb8 {[%clk 0:18:17]} 25. Ba7
{[%clk 0:27:04]} Rb4 {[%clk 0:16:13]} 26. Re6 {[%clk 0:21:44]} Kf8
{[%clk 0:14:15]} 27. Qc3 {[%clk 0:19:37]} Rb7 {[%clk 0:11:58]} 28. Qxa5
{[%clk 0:19:26]} Qg6 {[%clk 0:11:45]} 29. g4 {[%clk 0:13:55]} Qh6+
{[%clk 0:08:20]} 30. Be3 {[%clk 0:14:17]} Qg6 {[%clk 0:06:42]} 31. Re2
{[%clk 0:10:01]} Nc6 {[%clk 0:05:22]} 32. Rxe8+ {[%clk 0:10:24]} Qxe8
{[%clk 0:05:43]} 33. Qa6 {[%clk 0:10:26]} Rb4 {[%clk 0:05:27]} 34. Bd2
{[%clk 0:09:47]} Re4 {[%clk 0:04:41]} 35. Rxe4 {[%clk 0:10:13]} Qxe4
{[%clk 0:05:07]} 36. Qc8+ {[%clk 0:10:30]} Kf7 {[%clk 0:04:43]} 37. Qxc7+
{[%clk 0:10:43]} Ke6 {[%clk 0:04:56]} 38. Qc8+ {[%clk 0:09:35]} Ke7
{[%clk 0:03:23]} 39. Qb7+ {[%clk 0:08:46]} Ke6 {[%clk 0:03:16]} 40. Bc3
{[%clk 0:38:04]} Qf3 {[%clk 0:30:55]} 41. Kb2 {[%clk 0:36:50]} Ne5
{[%clk 0:26:14]} 42. Qxf3 {[%clk 0:30:03]} Nxf3 {[%clk 0:26:38]} 43. b4
{[%clk 0:30:30]} d5 {[%clk 0:20:30]} 44. a5 {[%clk 0:29:24]} Kd6 {[%clk 0:19:08]}
45. a6 {[%clk 0:27:30]} Kc7 {[%clk 0:18:33]} 46. b5 {[%clk 0:27:53]} Kb6
{[%clk 0:17:49]} 47. Ba5+ {[%clk 0:28:13]} Ka7 {[%clk 0:18:14]} 48. Bb4
{[%clk 0:28:06]} Ne5 {[%clk 0:17:29]} 49. Bc5+ {[%clk 0:28:30]} Ka8
{[%clk 0:16:53]} 50. Kc3 {[%clk 0:28:56]} 1-0

[Event "World Chess Olympiad 2018"]
[Site "Batumi"]
[Date "2018.10.02"]
[Round "8"]
[Board "4"]
[WhiteFideId "13602799"]
[White "Sibashvili Giorgi"]
[BlackFideId "7103255"]
[Black "Andyka Pitra"]
[Result "1-0"]
[LiveChessVersion "1.4.8"]
[BlackElo "2274"]
[WhiteElo "2425"]

1. d4 {[%clk 1:30:56]} d5 {[%clk 1:30:49]} 2. c4 {[%clk 1:30:43]} e6
{[%clk 1:30:46]} 3. Nc3 {[%clk 1:30:34]} Be7 {[%clk 1:30:57]} 4. cxd5
{[%clk 1:27:43]} exd5 {[%clk 1:31:19]} 5. Bf4 {[%clk 1:28:10]} c6
{[%clk 1:31:03]} 6. e3 {[%clk 1:28:35]} Bf5 {[%clk 1:29:38]} 7. f3
{[%clk 1:28:58]} Nf6 {[%clk 1:28:38]} 8. g4 {[%clk 1:29:06]} Be6 {[%clk 1:22:48]}
9. Bd3 {[%clk 1:29:01]} O-O {[%clk 1:16:25]} 10. Nge2 {[%clk 1:27:39]} c5
{[%clk 1:16:23]} 11. dxc5 {[%clk 1:07:21]} Bxc5 {[%clk 1:14:56]} 12. Nb5
{[%clk 1:07:17]} Nc6 {[%clk 1:14:13]} 13. a3 {[%clk 1:06:56]} a6 {[%clk 1:04:08]}
14. Rc1 {[%clk 0:52:17]} Bb6 {[%clk 1:00:56]} 15. Nbd4 {[%clk 0:49:14]} Bd7
{[%clk 0:53:06]} 16. Bb1 {[%clk 0:46:50]} Re8 {[%clk 0:50:40]} 17. Kf2
{[%clk 0:42:15]} Ne5 {[%clk 0:37:00]} 18. g5 {[%clk 0:40:25]} Nh5
{[%clk 0:26:13]} 19. Bxe5 {[%clk 0:40:20]} Rxe5 {[%clk 0:26:37]} 20. f4
{[%clk 0:40:39]} Re8 {[%clk 0:15:08]} 21. Ng3 {[%clk 0:37:13]} Qe7
{[%clk 0:14:20]} 22. Qd3 {[%clk 0:34:49]} Nf6 {[%clk 0:07:26]} 23. gxf6
{[%clk 0:33:51]} Qxf6 {[%clk 0:07:55]} 24. Qxh7+ {[%clk 0:31:58]} Kf8
{[%clk 0:08:24]} 25. Rhd1 {[%clk 0:30:44]} g6 {[%clk 0:08:22]} 26. Qh6+
{[%clk 0:30:01]} Kg8 {[%clk 0:08:39]} 27. Qg5 {[%clk 0:26:59]} Qh8
{[%clk 0:08:01]} 28. h4 {[%clk 0:26:02]} Rxe3 {[%clk 0:06:37]} 29. Kxe3
{[%clk 0:25:53]} Re8+ {[%clk 0:06:54]} 30. Kf3 {[%clk 0:25:35]} Bxd4
{[%clk 0:07:13]} 31. Re1 {[%clk 0:25:01]} Rxe1 {[%clk 0:04:06]} 32. Rxe1
{[%clk 0:23:22]} Bf6 {[%clk 0:04:31]} 33. Qxd5 {[%clk 0:23:38]} Bc6
{[%clk 0:04:48]} 34. Qxc6 {[%clk 0:23:49]} bxc6 {[%clk 0:05:04]} 35. Re8+
{[%clk 0:24:14]} Kh7 {[%clk 0:05:25]} 36. Rxh8+ {[%clk 0:24:38]} Kxh8
{[%clk 0:05:52]} 37. b4 {[%clk 0:24:36]} Bb2 {[%clk 0:05:35]} 38. a4
{[%clk 0:24:56]} Bc3 {[%clk 0:05:57]} 39. Bd3 {[%clk 0:24:57]} Bxb4
{[%clk 0:06:26]} 40. Bxa6 {[%clk 0:55:19]} Kg7 41. Bb7 {[%clk 0:55:24]} c5
{[%clk 0:36:15]} 42. Bd5 {[%clk 0:55:48]} Be1 {[%clk 0:34:49]} 43. h5
{[%clk 0:55:24]} gxh5 {[%clk 0:34:41]} 44. Nxh5+ {[%clk 0:55:44]} Kg6
{[%clk 0:32:00]} 45. Ng3 {[%clk 0:56:07]} Bb4 {[%clk 0:32:16]} 46. Ne4
{[%clk 0:56:25]} f5 {[%clk 0:27:27]} 47. Nd6 {[%clk 0:56:31]} c4 {[%clk 0:26:28]}
48. Nxc4 {[%clk 0:56:54]} Kf6 {[%clk 0:26:44]} 49. a5 {[%clk 0:57:13]} Ke7
{[%clk 0:26:51]} 50. a6 {[%clk 0:57:32]} Bc5 {[%clk 0:27:13]} 51. Bb7
{[%clk 0:57:26]} Kd7 {[%clk 0:27:16]} 52. Ne3 {[%clk 0:57:43]} Ke6
{[%clk 0:25:52]} 53. Bc8+ {[%clk 0:58:00]} Kf6 {[%clk 0:26:18]} 54. Nxf5
{[%clk 0:58:21]} 1-0

[Event "World Chess Olympiad 2018"]
[Site "Batumi"]
[Date "2018.10.02"]
[Round "8"]
[Board "3"]
[WhiteFideId "4100140"]
[White "Bareev Evgeny"]
[BlackFideId "15002187"]
[Black "Pancevski Filip"]
[Result "1-0"]
[LiveChessVersion "1.4.8"]
[BlackElo "2489"]
[WhiteElo "2666"]

1. d4 {[%clk 1:30:52]} d6 {[%clk 1:30:53]} 2. e4 {[%clk 1:30:41]} Nf6
{[%clk 1:31:16]} 3. Nc3 {[%clk 1:31:04]} g6 {[%clk 1:31:37]} 4. Be2
{[%clk 1:29:09]} Bg7 {[%clk 1:26:50]} 5. h4 {[%clk 1:29:02]} h5 {[%clk 1:20:42]}
6. Nh3 {[%clk 1:23:08]} Nbd7 {[%clk 1:10:54]} 7. Ng5 {[%clk 1:22:59]} e5
{[%clk 1:01:17]} 8. dxe5 {[%clk 1:22:27]} Nxe5 {[%clk 0:58:09]} 9. Bf4
{[%clk 1:21:47]} Qe7 {[%clk 0:50:59]} 10. Qd2 {[%clk 1:22:04]} a6
{[%clk 0:45:08]} 11. O-O-O {[%clk 1:18:54]} Be6 {[%clk 0:42:41]} 12. Rhe1
{[%clk 1:03:19]} O-O {[%clk 0:33:33]} 13. Bg3 {[%clk 1:02:18]} b5
{[%clk 0:29:02]} 14. b3 {[%clk 0:44:59]} Nc6 {[%clk 0:12:40]} 15. f4
{[%clk 0:39:43]} Bg4 {[%clk 0:12:27]} 16. Bf3 {[%clk 0:35:37]} Bxf3
{[%clk 0:06:25]} 17. gxf3 {[%clk 0:36:02]} Rad8 {[%clk 0:05:43]} 18. f5
{[%clk 0:30:33]} b4 {[%clk 0:02:52]} 19. Nd5 {[%clk 0:23:29]} Nxd5
{[%clk 0:02:32]} 20. Qxd5 {[%clk 0:23:53]} Ne5 {[%clk 0:01:49]} 21. f4
{[%clk 0:24:12]} c6 {[%clk 0:02:02]} 22. Qa5 {[%clk 0:24:29]} Ng4
{[%clk 0:02:07]} 23. fxg6 {[%clk 0:24:53]} fxg6 {[%clk 0:02:32]} 24. Qxb4
{[%clk 0:25:17]} Qf6 {[%clk 0:02:08]} 25. e5 {[%clk 0:23:37]} dxe5
{[%clk 0:01:54]} 26. Rxd8 {[%clk 0:22:49]} Rxd8 {[%clk 0:00:49]} 27. fxe5
{[%clk 0:22:07]} Qf5 {[%clk 0:00:43]} 28. Qc4+ {[%clk 0:22:13]} Rd5
{[%clk 0:00:45]} 29. Qxc6 {[%clk 0:22:11]} 1-0

[Event "World Chess Olympiad 2018"]
[Site "Batumi"]
[Date "2018.10.02"]
[Round "8"]
[Board "4"]
[WhiteFideId "15000605"]
[White "Nedev Trajko"]
[BlackFideId "2606577"]
[Black "Hambleton Aman"]
[Result "0-1"]
[LiveChessVersion "1.4.8"]
[BlackElo "2492"]
[WhiteElo "2496"]

1. e4 {[%clk 1:30:57]} e6 {[%clk 1:30:54]} 2. d4 {[%clk 1:31:21]} d5
{[%clk 1:31:19]} 3. Nd2 {[%clk 1:31:46]} c5 {[%clk 1:31:39]} 4. Ngf3
{[%clk 1:32:09]} cxd4 {[%clk 1:31:52]} 5. Nxd4 {[%clk 1:32:33]} Nc6
{[%clk 1:29:12]} 6. Bb5 {[%clk 1:32:09]} Bd7 {[%clk 1:28:44]} 7. Nxc6
{[%clk 1:32:32]} Bxc6 {[%clk 1:27:19]} 8. Bxc6+ {[%clk 1:31:54]} bxc6
{[%clk 1:27:42]} 9. c4 {[%clk 1:32:11]} Nf6 {[%clk 1:26:11]} 10. Qa4
{[%clk 1:18:20]} Qd7 {[%clk 1:10:06]} 11. e5 {[%clk 1:10:59]} Ng4
{[%clk 0:56:33]} 12. cxd5 {[%clk 0:48:58]} exd5 {[%clk 0:51:42]} 13. O-O
{[%clk 0:48:19]} c5 {[%clk 0:44:42]} 14. Qf4 {[%clk 0:42:50]} Be7
{[%clk 0:42:09]} 15. Nf3 {[%clk 0:36:30]} O-O {[%clk 0:37:48]} 16. Re1
{[%clk 0:32:45]} Nh6 17. b3 {[%clk 0:27:04]} a5 {[%clk 0:21:41]} 18. Ba3
{[%clk 0:25:06]} Rfc8 {[%clk 0:18:59]} 19. Rac1 {[%clk 0:24:01]} d4
{[%clk 0:17:58]} 20. Rc4 {[%clk 0:20:56]} a4 {[%clk 0:15:45]} 21. b4
{[%clk 0:21:09]} Qe6 {[%clk 0:14:16]} 22. Rc2 {[%clk 0:17:00]} d3
{[%clk 0:11:38]} 23. Rc3 {[%clk 0:16:05]} cxb4 {[%clk 0:09:09]} 24. Bxb4
{[%clk 0:14:57]} Rxc3 {[%clk 0:08:38]} 25. Bxc3 {[%clk 0:15:26]} Qxa2
{[%clk 0:07:59]} 26. Qe4 {[%clk 0:11:12]} Rd8 {[%clk 0:07:11]} 27. Ba5
{[%clk 0:10:35]} Rd5 {[%clk 0:01:08]} 28. Bd2 {[%clk 0:10:52]} a3
{[%clk 0:00:39]} 29. g4 {[%clk 0:06:02]} Kh8 {[%clk 0:00:39]} 30. g5
{[%clk 0:04:50]} Ng8 {[%clk 0:01:01]} 31. e6 {[%clk 0:05:00]} Rd8
{[%clk 0:00:36]} 32. Bc3 {[%clk 0:03:31]} Qxe6 {[%clk 0:00:37]} 33. Qf4
{[%clk 0:02:50]} Qd5 {[%clk 0:00:37]} 34. Ne5 {[%clk 0:01:41]} Rf8
{[%clk 0:00:36]} 35. Rd1 {[%clk 0:01:22]} f6 {[%clk 0:00:34]} 36. Ng6+
{[%clk 0:01:15]} hxg6 {[%clk 0:01:00]} 37. Qh4+ {[%clk 0:01:39]} Nh6
{[%clk 0:01:26]} 38. gxh6 {[%clk 0:02:06]} a2 {[%clk 0:00:42]} 39. Qg3
{[%clk 0:01:20]} gxh6 {[%clk 0:00:40]} 40. h4 {[%clk 0:31:04]} Qc4
{[%clk 0:30:38]} 41. Ba1 {[%clk 0:26:33]} Qc2 {[%clk 0:27:08]} 42. Rf1
{[%clk 0:23:42]} Qe2 {[%clk 0:24:11]} 0-1

[Event "World Chess Olympiad 2018"]
[Site "Batumi"]
[Date "2018.10.02"]
[Round "8"]
[Board "1"]
[WhiteFideId "14117908"]
[White "Kovalenko Igor"]
[BlackFideId "4800192"]
[Black "Al-Ali Hussein Ali Hussein"]
[Result "1-0"]
[LiveChessVersion "1.4.8"]
[BlackElo "2273"]
[WhiteElo "2646"]

1. d4 {[%clk 1:30:57]} Nf6 {[%clk 1:30:43]} 2. Nf3 {[%clk 1:31:23]} e6
{[%clk 1:30:20]} 3. c4 {[%clk 1:31:49]} Bb4+ {[%clk 1:30:39]} 4. Nbd2
{[%clk 1:31:53]} d5 {[%clk 1:30:58]} 5. Qa4+ {[%clk 1:28:27]} Nc6
{[%clk 1:31:21]} 6. a3 {[%clk 1:28:54]} Bxd2+ {[%clk 1:26:54]} 7. Bxd2
{[%clk 1:29:22]} Ne4 {[%clk 1:27:13]} 8. Rd1 {[%clk 1:28:56]} O-O
{[%clk 1:27:26]} 9. e3 {[%clk 1:28:49]} Bd7 {[%clk 1:27:42]} 10. Qc2
{[%clk 1:29:14]} a5 {[%clk 1:27:58]} 11. Bd3 {[%clk 1:29:16]} f5 {[%clk 1:28:18]}
12. O-O {[%clk 1:28:59]} Be8 {[%clk 1:28:29]} 13. Ne1 {[%clk 1:17:09]} Bh5
{[%clk 1:24:07]} 14. f3 {[%clk 1:16:50]} Nxd2 {[%clk 1:23:24]} 15. Qxd2
{[%clk 1:17:16]} Qf6 {[%clk 1:22:36]} 16. g3 {[%clk 1:16:28]} Kh8
{[%clk 1:21:56]} 17. cxd5 {[%clk 1:13:39]} exd5 {[%clk 1:22:15]} 18. Rc1
{[%clk 1:14:03]} Be8 {[%clk 1:14:52]} 19. Ng2 {[%clk 1:12:28]} Rd8
{[%clk 1:11:43]} 20. Rc3 {[%clk 1:11:19]} a4 {[%clk 1:03:10]} 21. Rf2
{[%clk 1:06:43]} Qd6 {[%clk 1:02:42]} 22. Qc2 {[%clk 1:06:35]} Ne7
{[%clk 1:01:50]} 23. Nh4 {[%clk 1:06:44]} Bd7 {[%clk 0:58:31]} 24. f4
{[%clk 1:06:12]} Rc8 {[%clk 0:58:19]} 25. Rf1 {[%clk 1:06:12]} Ra8
{[%clk 0:56:37]} 26. Nf3 {[%clk 1:04:53]} c6 {[%clk 0:56:57]} 27. h3
{[%clk 1:05:05]} Be8 {[%clk 0:55:43]} 28. Ne5 {[%clk 1:05:04]} Qh6
{[%clk 0:55:30]} 29. Qh2 {[%clk 0:58:36]} Qe6 {[%clk 0:52:31]} 30. Rc2
{[%clk 0:57:08]} Ng6 {[%clk 0:50:03]} 31. g4 {[%clk 0:51:01]} Ne7
{[%clk 0:47:50]} 32. Qg3 {[%clk 0:51:01]} Bg6 {[%clk 0:46:52]} 33. Rg2
{[%clk 0:50:55]} fxg4 {[%clk 0:41:38]} 34. Nxg6+ {[%clk 0:49:42]} hxg6
{[%clk 0:41:26]} 35. hxg4 {[%clk 0:50:09]} Kg8 {[%clk 0:41:11]} 36. Qh3
{[%clk 0:49:46]} Rf6 {[%clk 0:40:36]} 37. Bc2 {[%clk 0:45:41]} b5
{[%clk 0:36:40]} 38. Rf3 {[%clk 0:46:04]} Qd6 {[%clk 0:34:58]} 39. Qh4
{[%clk 0:40:34]} Raf8 {[%clk 0:29:24]} 40. Qg5 {[%clk 1:07:03]} Kf7
{[%clk 0:58:37]} 41. Rh3 {[%clk 1:07:08]} c5 {[%clk 0:58:32]} 42. dxc5
{[%clk 1:07:10]} Qxc5 {[%clk 0:58:53]} 43. Bd3 {[%clk 1:05:27]} Qb6
{[%clk 0:57:26]} 44. Rc2 {[%clk 0:57:20]} Rc6 {[%clk 0:57:20]} 45. Rf2
{[%clk 0:55:45]} Rf6 {[%clk 0:51:24]} 46. Kg2 {[%clk 0:54:46]} Kg8
{[%clk 0:47:03]} 47. Rc2 {[%clk 0:47:18]} Kf7 {[%clk 0:45:35]} 48. Rg3
{[%clk 0:36:19]} Rc6 {[%clk 0:45:16]} 49. Re2 {[%clk 0:36:04]} Rc5
{[%clk 0:42:05]} 50. f5 {[%clk 0:29:16]} gxf5 {[%clk 0:41:26]} 51. gxf5
{[%clk 0:29:43]} Qh6 {[%clk 0:40:54]} 52. Qxh6 {[%clk 0:26:14]} gxh6
{[%clk 0:41:20]} 53. Kf3 {[%clk 0:26:42]} Rb8 {[%clk 0:41:08]} 54. Rh2
{[%clk 0:26:29]} Rc6 {[%clk 0:40:43]} 55. Rhg2 {[%clk 0:26:51]} b4
{[%clk 0:40:09]} 56. Rg7+ {[%clk 0:27:12]} Kf8 {[%clk 0:39:02]} 57. Rh7
{[%clk 0:27:19]} Rbb6 {[%clk 0:37:02]} 58. Rgg7 {[%clk 0:27:16]} bxa3
{[%clk 0:35:55]} 59. bxa3 {[%clk 0:27:06]} Ng8 {[%clk 0:35:46]} 60. Rf7+
{[%clk 0:26:54]} Ke8 {[%clk 0:35:57]} 61. Ra7 {[%clk 0:27:16]} Rc8
{[%clk 0:35:45]} 62. Rxa4 {[%clk 0:26:54]} Kf8 {[%clk 0:35:50]} 63. Raa7
{[%clk 0:27:03]} Rf6 {[%clk 0:35:58]} 64. a4 {[%clk 0:27:20]} Re8
{[%clk 0:35:32]} 65. a5 {[%clk 0:27:38]} 1-0

[Event "World Chess Olympiad 2018"]
[Site "Batumi"]
[Date "2018.10.02"]
[Round "8"]
[Board "2"]
[WhiteFideId "4800249"]
[White "Noah A .H. Al-Ali"]
[BlackFideId "11601388"]
[Black "Neiksans Arturs"]
[Result "0-1"]
[LiveChessVersion "1.4.8"]
[BlackElo "2566"]
[WhiteElo "2276"]

1. e4 {[%clk 1:30:57]} c5 {[%clk 1:30:56]} 2. c3 {[%clk 1:31:10]} Nf6
{[%clk 1:30:55]} 3. e5 {[%clk 1:31:34]} Nd5 {[%clk 1:31:22]} 4. d4
{[%clk 1:31:18]} cxd4 {[%clk 1:31:47]} 5. Bc4 {[%clk 1:23:25]} Qc7
{[%clk 1:24:31]} 6. Qe2 {[%clk 0:54:00]} Nb6 {[%clk 1:24:12]} 7. Bb3
{[%clk 0:39:49]} d3 {[%clk 1:14:12]} 8. Qh5 {[%clk 0:32:00]} g6 {[%clk 1:10:41]}
9. Qg5 {[%clk 0:32:28]} Bg7 {[%clk 1:06:22]} 10. Bf4 {[%clk 0:24:18]} Qc6
{[%clk 1:05:22]} 11. Nf3 {[%clk 0:24:05]} Qe4+ {[%clk 1:04:03]} 12. Kd1
{[%clk 0:19:22]} h6 {[%clk 1:02:02]} 13. Qg3 {[%clk 0:19:37]} g5 {[%clk 1:01:55]}
14. Be3 {[%clk 0:12:14]} Nc6 {[%clk 1:00:54]} 15. Nbd2 {[%clk 0:12:43]} Qf5
{[%clk 1:00:41]} 16. h4 {[%clk 0:07:37]} Nxe5 {[%clk 0:57:10]} 17. hxg5
{[%clk 0:07:13]} hxg5 {[%clk 0:57:13]} 18. Rxh8+ {[%clk 0:05:26]} Bxh8
{[%clk 0:57:16]} 19. Bd4 {[%clk 0:05:12]} Nxf3 {[%clk 0:44:51]} 20. Nxf3
{[%clk 0:05:41]} Bxd4 {[%clk 0:43:47]} 21. Nxd4 {[%clk 0:05:51]} Qf4
{[%clk 0:42:36]} 22. Qh3 {[%clk 0:03:51]} d5 {[%clk 0:42:12]} 23. Qh8+
{[%clk 0:04:02]} Kd7 {[%clk 0:42:33]} 24. Ke1 {[%clk 0:04:00]} e5
{[%clk 0:33:02]} 25. Nf3 {[%clk 0:04:08]} f6 {[%clk 0:33:28]} 26. a4
{[%clk 0:01:12]} a5 {[%clk 0:24:07]} 27. Rd1 {[%clk 0:01:41]} Kc6
{[%clk 0:23:06]} 28. Rxd3 {[%clk 0:00:50]} Be6 {[%clk 0:16:34]} 29. Qg7
{[%clk 0:01:17]} g4 {[%clk 0:16:32]} 30. Rd4 {[%clk 0:00:59]} Qf5
{[%clk 0:13:28]} 31. Nh4 {[%clk 0:01:28]} Qg5 {[%clk 0:13:50]} 32. Qe7
{[%clk 0:01:50]} Qg8 {[%clk 0:13:05]} 33. Rd2 {[%clk 0:02:00]} Qf7
{[%clk 0:13:02]} 34. Nf5 {[%clk 0:02:20]} Qxe7 {[%clk 0:13:02]} 35. Nxe7+
{[%clk 0:02:48]} Kc5 {[%clk 0:13:24]} 36. Ba2 {[%clk 0:03:12]} Rd8
{[%clk 0:12:35]} 0-1

[Event "World Chess Olympiad 2018"]
[Site "Batumi"]
[Date "2018.10.02"]
[Round "8"]
[Board "3"]
[WhiteFideId "11602740"]
[White "Meshkovs Nikita"]
[BlackFideId "4801040"]
[Black "Al-Saffar Araz Basim Mohammed S"]
[Result "1-0"]
[LiveChessVersion "1.4.8"]
[BlackElo "2400"]
[WhiteElo "2535"]

1. Nf3 {[%clk 1:30:56]} d5 {[%clk 1:30:18]} 2. g3 {[%clk 1:31:17]} Nf6
{[%clk 1:28:16]} 3. Bg2 {[%clk 1:31:40]} c6 {[%clk 1:25:56]} 4. O-O
{[%clk 1:31:45]} Bg4 {[%clk 1:26:07]} 5. d3 {[%clk 1:30:42]} Nbd7
{[%clk 1:26:05]} 6. Nbd2 {[%clk 1:30:36]} e5 {[%clk 1:25:26]} 7. e4
{[%clk 1:30:59]} Bc5 {[%clk 1:24:02]} 8. h3 {[%clk 1:29:44]} Bxf3
{[%clk 1:21:57]} 9. Qxf3 {[%clk 1:28:41]} O-O {[%clk 1:21:30]} 10. Re1
{[%clk 1:29:05]} Qc7 {[%clk 1:18:32]} 11. h4 {[%clk 1:25:02]} dxe4
{[%clk 1:13:25]} 12. dxe4 {[%clk 1:23:21]} g6 {[%clk 1:04:10]} 13. Nf1
{[%clk 1:21:10]} Nh5 {[%clk 0:59:23]} 14. Bh3 {[%clk 1:19:32]} Rfe8
{[%clk 0:52:53]} 15. Nh2 {[%clk 1:17:30]} Nf8 {[%clk 0:43:46]} 16. Ng4
{[%clk 1:07:07]} Ne6 {[%clk 0:43:12]} 17. c3 {[%clk 1:07:31]} Rad8
{[%clk 0:41:04]} 18. Bh6 {[%clk 1:01:23]} Bf8 {[%clk 0:34:50]} 19. Be3
{[%clk 1:01:43]} b6 {[%clk 0:30:54]} 20. Rad1 {[%clk 1:00:51]} Bg7
{[%clk 0:29:36]} 21. Nh6+ {[%clk 1:00:54]} Kf8 {[%clk 0:26:56]} 22. Rxd8
{[%clk 0:28:10]} Nxd8 {[%clk 0:27:14]} 23. Rd1 {[%clk 0:28:06]} Ne6
{[%clk 0:25:41]} 24. Nf5 {[%clk 0:27:46]} Rd8 {[%clk 0:17:10]} 25. Nxg7
{[%clk 0:22:52]} Nhxg7 {[%clk 0:17:29]} 26. Bh6 {[%clk 0:22:56]} Ke7
{[%clk 0:16:03]} 27. b4 {[%clk 0:21:48]} Rxd1+ {[%clk 0:14:30]} 28. Qxd1
{[%clk 0:22:16]} Ne8 {[%clk 0:14:53]} 29. a4 {[%clk 0:17:31]} Nd6
{[%clk 0:14:05]} 30. Qf3 {[%clk 0:17:59]} f6 {[%clk 0:12:40]} 31. Qd3
{[%clk 0:15:35]} Qd7 {[%clk 0:10:43]} 32. Qb1 {[%clk 0:12:43]} Nf7
{[%clk 0:09:15]} 33. Be3 {[%clk 0:13:09]} Nd6 {[%clk 0:09:17]} 34. Bf1
{[%clk 0:08:46]} Qb7 {[%clk 0:08:32]} 35. Qd3 {[%clk 0:07:08]} c5
{[%clk 0:08:20]} 36. Bg2 {[%clk 0:06:53]} a5 {[%clk 0:06:16]} 37. bxa5
{[%clk 0:05:35]} bxa5 {[%clk 0:06:43]} 38. Qd5 {[%clk 0:05:42]} Qc8
{[%clk 0:00:56]} 39. Bh3 {[%clk 0:05:49]} Nf4 {[%clk 0:00:48]} 40. Qxd6+
{[%clk 0:35:09]} Kxd6 {[%clk 0:31:12]} 41. Bxc8 {[%clk 0:35:34]} Ne2+
{[%clk 0:31:40]} 42. Kf1 {[%clk 0:35:57]} Nxc3 {[%clk 0:32:05]} 43. Bd2
{[%clk 0:36:23]} Nxa4 {[%clk 0:31:21]} 44. Bxa5 {[%clk 0:33:33]} c4
{[%clk 0:31:24]} 45. Bb4+ {[%clk 0:33:05]} Kc7 {[%clk 0:31:37]} 46. Be6
{[%clk 0:33:13]} 1-0